| 000 | 00678nam a22001937a 4500 | ||
|---|---|---|---|
| 003 | BD-DhUL | ||
| 005 | 20170228094721.0 | ||
| 008 | 170228b2014 b a|||| |||| 00| 0 eng d | ||
| 040 |
_aBD-DhUL _cBD-DhUL |
||
| 082 |
_a361.3092 _bSUS |
||
| 100 | 1 | _aSafia Sultana, Mst. | |
| 245 | 1 | 0 |
_aSocio-political thought of Sir Mohammad Azizul Huque / _cMst. Safia Sultana _h[Thesis MPhil] |
| 260 |
_aDhaka : _bUniversity of Dhaka, _c2014. |
||
| 300 |
_avi, 336 p. : _bill. ; _c30 cm. |
||
| 500 | _aThesis (M.Phil.)-- Department of Islamic History and Culture, 2014. | ||
| 504 | _aIncludes bibliographical references. | ||
| 600 |
_aMohammad Azizul Huque _xBiography |
||
| 942 |
_2ddc _cREF |
||
| 999 |
_c158804 _d158804 |
||